LEADER 00983nam a2200253 i 4500 001 991000573729707536 005 20020506132451.0 008 000228s1997 it ||| | ita 035 $ab10720029-39ule_inst 035 $aEXGIL147946$9ExL 040 $aDip.to Filol. Ling. e Lett.$bita 100 1 $aMaranesi, Ernesto$0219265 245 10$aVocabolario modenese-italiano /$ccompilato da Ernesto Maranesi 260 $a[Modena] :$bMucchi,$c[1997] 300 $aXXIII, 448 p. ;$c29 cm. 500 $aRiprod. facs. dell'ed.: Modena: Soc. tip. antica tip. Soliani, 1893. 650 4$aDialetti italiani - Modena$xDizionari 650 4$aDialetti modenesi 907 $a.b10720029$b21-09-06$c28-06-02 912 $a991000573729707536 945 $aLE008 FL.M. (f.r.) XL 349$g1$i2008000005603$lle008$o-$pE0.00$q-$rn$so $t0$u0$v0$w0$x0$y.i10816896$z28-06-02 996 $aVocabolario modenese-italiano$9144702 997 $aUNISALENTO 998 $ale008$b01-01-00$cm$da $e-$fita$git $h0$i1 LEADER 03622nam 2200661 450 001 9910812842503321 005 20200824181918.0 010 $a1-5261-3496-9 010 $a1-5261-5548-6 010 $a1-5261-3495-0 024 7 $a10.7765/9781526134950 035 $a(CKB)4100000011254960 035 $a(OCoLC)1157917157 035 $a(MdBmJHUP)muse82628 035 $a(MiAaPQ)EBC6206908 035 $a(StDuBDS)EDZ0002390490 035 $a(DE-B1597)660166 035 $a(DE-B1597)9781526134950 035 $a(EXLCZ)994100000011254960 100 $a20200319e20212020 fy| 0 101 0 $aeng 135 $aur|||||||nn|n 181 $ctxt$2rdacontent 182 $cc$2rdamedia 183 $acr$2rdacarrier 200 04$aThe power of pragmatism $eknowledge production and social inquiry /$fJane Wills and Robert Lake$b[electronic resource] 210 1$aManchester :$cManchester University Press,$d2021. 215 $a1 online resource (ix, 290 pages) : $cillustrations 225 1 $aManchester scholarship online 300 $aPreviously issued in print: 2020. 311 $a1-5261-3494-2 320 $aIncludes bibliographical references and index. 327 $aIntroduction : the power of pragmatism / Jane Wills and Robert W. Lake -- Habits of social inquiry and reconstruction : a Deweyan vision of democracy and social research / Malcolm P. Cutchin -- Appreciating the situation : Dewey's pragmatism and its implications for the spatialisation of social science / Gary Bridge -- Mead, subjectivity and urban politics / Crispian Fuller -- Rorty, conversation and the power of maps / Trevor Barnes -- Embodied ignorances : a pragmatist responds to epistemic and other kinds of frictions in the academy / Susan Saegert -- Truth and academia in times of fake news, alternative facts and filter bubbles : a pragmatist notion of critique as mediation / Klaus Geiselhart -- Learning from experience : pragmatism and politics in place / Alice E. Huff -- Reflections on an experiment in pragmatic social research and knowledge production / Liam Harney and Jane Wills -- Ecological crisis, action and pragmatic humanism / Meg Holden -- Pragmatism, anti-representational theory and local methods for critical-creative ecological action / Owain Jones -- Pragmatism and contemporary planning theory : going beyond a communicative approach / Ihnji Jon -- Exploring possibilities for a pragmatic orientation in development studies / Alireza F. Farahani and Azadeh Hadizadeh Esfahani -- The quest for uncertainty : pragmatism between rationalism and sentimentality / Robert W. Lake -- Who's afraid of pragmatism? / Clive Barnett. 330 8 $aMaking the case for a pragmatist approach to social inquiry and knowledge production, sixteen contributors illustrate the power of pragmatism to inform democratic, community-centred, action-oriented research. 410 0$aManchester scholarship online. 606 $aPragmatism 606 $aInquiry (Theory of knowledge) 610 $aCommunity. 610 $aDemocracy. 610 $aJohn Dewey. 610 $aKnowledge production. 610 $aPragmatism. 610 $aResearch philosophy. 610 $aResearch practice. 610 $aRichard Rorty. 610 $aSocial inquiry. 610 $aSocial research. 615 0$aPragmatism. 615 0$aInquiry (Theory of knowledge) 676 $a149.2 702 $aWills$b Jane 702 $aLake$b Robert 801 0$bStDuBDS 801 1$bStDuBDS 906 $aBOOK 912 $a9910812842503321 996 $aThe power of pragmatism$93985913 997 $aUNINA